[Event "5eme LUCOPEN"]
[Site "Lille"]
[Date "2014.04.28"]
[Round "1"]
[White "Malassagne, Isabelle"]
[Black "Arizmendi Martinez, Julen Luis"]
[Result "0-1"]
[WhiteElo "2045"]
[BlackElo "2542"]
[PlyCount "56"]

1. d4 Nf6 2. c4 e6 3. Nf3 d5 4. g3 Bb4+ 5. Bd2 Be7 6. Bg2 c6 7. O-O Nbd7 8. Qc2
a5 9. Rd1 b6 10. Nc3 Ba6 11. cxd5 cxd5 12. Bf4 Rc8 13. Qd2 b5 14. Rac1 Nb6 15.
Ne5 b4 16. Nb1 Nc4 17. Nxc4 dxc4 18. e4 O-O 19. Qe3 Qb6 20. Qf3 Rfd8 21. Be3
Qb5 22. Nd2 c3 23. bxc3 bxc3 24. Nb3 Bb7 25. Qf4 Ba3 26. Nc5 c2 27. Re1 Bxc1
28. Rxc1 Rxc5 0-1

[Event "5eme LUCOPEN"]
[Site "Lille"]
[Date "2014.04.28"]
[Round "1"]
[White "Gros, Patrick"]
[Black "Koziak, Vitali"]
[Result "0-1"]
[WhiteElo "2004"]
[BlackElo "2509"]
[PlyCount "62"]

1. d4 f5 2. Nf3 Nf6 3. Bf4 g6 4. e3 Bg7 5. Be2 O-O 6. c3 d6 7. Qb3+ e6 8. Nbd2
Nc6 9. h4 Qe7 10. Ng5 h6 11. Nh3 b6 12. h5 g5 13. Nxg5 hxg5 14. Bxg5 Qf7 15. h6
Bh8 16. O-O-O Kh7 17. Rdg1 Ne7 18. g4 Bb7 19. Rh2 Ne4 20. Bxe7 Qxe7 21. Nxe4
Bxe4 22. f3 Bd5 23. Qc2 Rg8 24. c4 Bb7 25. d5 exd5 26. Qxf5+ Rg6 27. Bd3 Rag8
28. Re1 dxc4 29. Bxc4 Rf8 30. Bd3 Rxf5 31. gxf5 Rf6 0-1

[Event "5eme LUCOPEN"]
[Site "Lille"]
[Date "2014.04.30"]
[Round "4"]
[White "Andriamandimbisoa, Mathieu"]
[Black "Soubirou, Oriane"]
[Result "1/2-1/2"]
[WhiteElo "1697"]
[BlackElo "2060"]
[PlyCount "50"]
[EventDate "2014.??.??"]

1. d4 Nf6 2. Nf3 g6 3. c4 Bg7 4. g3 d6 5. Bg2 O-O 6. O-O c6 7. Nc3 Qc7 8. e4
Nbd7 9. Bg5 a6 10. a4 Rb8 11. a5 h6 12. Be3 Ng4 13. Bd2 b5 14. axb6 Nxb6 15.
Qe2 e5 16. dxe5 dxe5 17. Rfc1 Nd7 18. Na4 Rb3 19. Bc3 h5 2

[Event "5eme LUCOPEN"]
[Site "Lille"]
[Date "2014.04.28"]
[Round "1"]
[White "Gallet, Antoine"]
[Black "Daurelle, Herve"]
[Result "0-1"]
[WhiteElo "1888"]
[BlackElo "2215"]
[PlyCount "114"]

1. e4 c5 2. Nf3 d6 3. d4 cxd4 4. Nxd4 Nf6 5. Nc3 g6 6. Be3 Bg7 7. Bc4 Nc6 8. f3
O-O 9. Qd2 Bd7 10. O-O-O Rb8 11. Bh6 Bxh6 12

[Event "5eme LUCOPEN"]
[Site "Lille"]
[Date "2014.04.30"]
[Round "4"]
[White "Navrotescu, Andreea-Cristiana"]
[Black "Dorlet, Nicolas"]
[Result "1-0"]
[WhiteElo "2190"]
[BlackElo "1795"]
[PlyCount "61"]
[EventDate "2014.??.??"]

1. d4 Nf6 2. Nf3 c5 3. d5 e6 4. Nc3 d6 5. e4 exd5 6. exd5 Be7 7. Be2 O-O 8. O-O
Na6 9. Bxa6 bxa6 10. Nd2 Bb7 11. Nc4 Qc7 12. Bf4 Rfe8 13. Qf3 Bf8 14. Rad1 Rab8
15. g4 Nd7 16. Qg3 Ne5 17. Bxe5 dxe5 18. f3 Rbd8 19. Ne3 c4 20. Kh1 Qc5 21.
Rfe1 Qb4 22. Ne4 Ba8 23. g5 Bc5 24. Nf6+ Kh8 25. Nxe8 Rxe8 26. Qg4 Rd8 27. Qxc4
Qxc4 28. Nxc4 Rxd5 29. Kg2 f6 30. Rxd5 Bxd5 31. Nxe5 1-0

e"]
[Site "Lille"]
[Date "2014.04.28"]
[Round "1"]
[White "Noordhoek, Henk"]
[Black "Zhigalko, Andrey"]
[Result "0-1"]
[WhiteElo "2048"]
[BlackElo "2600"]
[PlyCount "68"]
[EventDate "2014.??.??"]

1. e4 c5 2. Nf3 e6 3. b3 a6 4. Bb2 Nc6 5. g3 Qc7 6. Bg2 Nf6 7. e5 Ng4 8. Qe2
Be7 9. h3 Nh6 10. g4 O-O 11. d3 f6 12. exf6 Bxf6 13. Bxf6 Rxf6 14. Nbd2 Rf4 15.
O-O d5 16. c4 Bd7 17. Rae1 Nf7 18. Qd1 Rf8 19. Qc1 Qd6 20. Re2 Nh8 21. cxd5
exd5 22. Rfe1 Ng6 23. Qc3 h6 24. a3 a5 25. Qb2 b6 26. Qc1 R4f7 27. Qc2 Nf4 28.
Re3 Qg6 29. Nh4 Qf6 30. Nhf3 h5 31. g5 Qf5 32. Ne5 Nxg2 33. Kxg2 Qxg5+ 34. Kh1
Rxf2 0-1

[Event "5eme LUCOPEN"]
[Site "Lille"]
[Date "2014.04.30"]
[Round "4"]
[White "Franck, Boris"]
[Black "Gonzalez, Arnaud"]
[Result "1-0"]
[WhiteElo "2105"]
[BlackElo "1648"]
[PlyCount "49"]
[EventDate "2014.??.??"]

1. e4 d6 2. d4 Nf6 3. Nc3 c6 4. a4 a5 5. f3 Qc7 6. Bc4 b6 7. Nge2 e6 8. Be3 d5
9. Bb3 Be7 10. O-O O-O 11. Qd2 Ba6 12. Kh1 Bb4 13. e5 Nfd7 14. Rf2 c5 15. f4
Nc6 16. Qd1 Rac8 1

[Event "5eme LUCOPEN"]
[Site "Lille"]
[Date "2014.04.30"]
[Round "4"]
[White "Janev, Evgeni"]
[Black "Bailet, Pierre"]
[Result "1/2-1/2"]
[WhiteElo "2427"]
[BlackElo "2469"]
[PlyCount "65"]
[EventDate "2014.??.??"]

1. e4 c6 2. d4 d5 3. exd5 cxd5 4. Bd3 Nc6 5. c3 Nf6 6. h3 g6 7. Nf3 Bf5 8. O-O
Bxd3 9. Qxd3 Bg7 10. Bf4 Ne4 11. Nbd2 Nxd2 12. Qxd2 O-O 13. Bh6 e6 14. Bxg7
Kxg7 15. Rfe1 Rc8 16. Ne5 Nxe5 17. dxe5 Rc4 18. Rad1 Qh4 19. b3 Re4 20. Rxe4
Qxe4 21. Re1 Qh4 22. Qe3 Rc8 23. Rd1 Qe7 24. Rd4 Qc5 25. c4 dxc4 26. bxc4 Qe7
27. Qf4 h6 28. h4 Rc5 29. Rd6 b6 30.

[Event "5eme LUCOPEN"]
[Site "Lille"]
[Date "2014.04.28"]
[Round "1"]
[White "Camacho Collados, Jose"]
[Black "Jimenez, Martin"]
[Result "1-0"]
[WhiteElo "2388"]
[BlackElo "1932"]
[PlyCount "65"]
[EventDate "2014.??.??"]

1. Nf3 d5 2. b3 Nf6 3. Bb2 e6 4. e3 c5 5. d4 Nc6 6. Bd3 Bd6 7. O-O Qe7 8. c4
O-O 9. Nc3 cxd4 10. exd4 Ba3 11. Bxa3 Qxa3 12. c5 Nb4 13. Nb5 Qa5 14. a3 Nxd3
15. Qxd3 Ne4 16. b4 Qa6 17. a4 f6 18. Nd2 Qc6 19. N

[Event "5eme LUCOPEN"]
[Site "Lille"]
[Date "2014.04.28"]
[Round "1"]
[White "Bannink, Bernard"]
[Black "Manet, Anthony"]
[Result "1-0"]
[WhiteElo "2248"]
[BlackElo "1891"]
[PlyCount "73"]

1. d4 d5 2. Nf3 Nf6 3. e3 Bf5 4. c4 c6 5. Nc3 e6 6. Nh4 Bg6 7. Qb3 Qc7 8. Nxg6
hxg6 9. g3 Nbd7 10. cxd5 exd5 11. Bd2 Nb6 12. Rc1 Qd8 13. Bg2 Bd6 14. O-O O-O
15. Ne2 Re8 16. Ba5 Ne4 17. a3 Bc7 18. Qc2 Nc4 19. Bxc7 Qxc7 20. Nc3 Nxc3 21.
Qxc3 Nb6 22. b3 Qd7 23. a4 Nc8 24. b4 Nd6 25. Rfd1 a6 26. Rc2 Rac8 27. Rdc1 b5
28. axb5 axb5 29. Ra2 Nc4 30. Rca1 Rb8 31. Ra7 Rb7 32. Ra8 Reb8 33. e4 dxe4 34.
Bxe4 Qc8 35. Rxb8 Rxb8 36. Bd3 Nb6 37. Qc5 1-0

[Event "5eme LUCOPEN"]
[Site "Lille"]
[Date "2014.04.30"]
[Round "4"]
[White "Koziak, Vitali"]
[Black "Cawdery, Daniel"]
[Result "1-0"]
[WhiteElo "2509"]
[BlackElo "2395"]
[PlyCount "91"]
[EventDate "2014.??.??"]

1. e4 c5 2. Nf3 Nc6 3. Bb5 g6 4. O-O Bg7 5. c3 Nf6 6. Re1 O-O 7. h3 e5 8. d3 d6
9. Nbd2 Qc7 10. a3 a6 11. Bc4 Nh5 12. Nf1 b5 13. Ba2 Nf4 14. Ng3 Be6 15. Bxf4
exf4 16. Ne2 Bxa2 17. Rxa2 Bh6 18. c4 b4 19. axb4 Nxb4 20. Ra3 Rab8 21. Nc3
Rfe8 22. Nd5 Nxd5 23. exd5 Bg7 24. Rxe8+ Rxe8 25. Rxa6 Bxb2 26. Qd2 Be5 27.
Nxe5 Rxe5 28. Qxf4 Qe7 29. Qh6 Qd8 30. Ra7 Qb8 31. Ra6 Re8 32. Qf4 Qb1+ 33. Kh2
Qxd3 34. Rxd6 Qe4 35. R

[Event "5eme LUCOPEN"]
[Site "Lille"]
[Date "2014.04.30"]
[Round "4"]
[White "Burgnies, Stephane"]
[Black "Skowron, Jean-Pol"]
[Result "1-0"]
[WhiteElo "2170"]
[BlackElo "1666"]
[PlyCount "37"]
[EventDate "2014.??.??"]

1. d3 d5 2. Nf3 c5 3. g3 Nc6 4. Bg2 e5 5. O-O h6 6. Na3 Be7 7. e4 Be6 8. exd5
Bxd5 9. Re1 Bf6 10. Nxe5 Bxe5 11. f4 f6 12. Qh5+ Kf8 13. fxe5 Bxg2 14. e6 Qe7
15. Kxg2 Ne5 16. Nc4 g6 17. Nxe5 fxe5 18. Qxg6 Qg7 19. Rf1+ 1-0

23. Qd3 Rc8 24. Rg1 e4 25. Qd2 Qc7 26. Nf4 Qc3 27. Qxc3 Rxc3 28.
Kd2 Rfc8 29. Nge6 Bxe6 30. Nxe6 Nxd5 31. Rxg7+ Kh8 32. Bd4 Rc2+ 33. Kd1 Bf6 34.
Bxf6 Nxf6 35. h6 Nd5 36. Ng5 Ne3+ 37. Ke1 Ng2+ 38. Kf2 Rxe2+ 39. Kxe2 Rc2+ 40.
Kf1 Ne3+ 41. Kg1 1-0

[Event "5eme LUCOPEN"]
[Site "Lille"]
[Date "2014.04.28"]
[Round "1"]
[White "Laine, Panu"]
[Black "Scherrer, Gilles"]
[Result "1-0"]
[WhiteElo "2177"]
[BlackElo "1855"]
[PlyCount "53"]
[EventDate "2014.??.??"]

1. e4 e6 2. d4 d5 3. e5 c5 4. c3 Nc6 5. Nf3 Qb6 6. a3 Nh6 7. b4 cxd4 8. cxd4
Nf5 9. Be3 Be7 10. Nc3 f6 11. Na4 Qd8 12. Bb5 Bd7 13. Bxc6 Bxc6 14. O-O Nxe3
15. fxe3 f5 16. Nc5 Kf7 17. g4 g6 18. gxf5 gxf5 19. Ng5+ Bxg5 20. Qh5+ Kg8 21.
Nxe6 Be8 22. Qxg5+ Qxg5+ 23. Nxg5 h6 24. Ne6 Bd7 25. Nf4 Bc6 26. Nh5 Kf7 27.
Rxf5+ 1-0

[Event "5eme LUCOPEN"]
[Site "Lille"]
[Date "2014.04.28"]
[Round "1"]
[White "Vandecasteele, Louis"]
[Black "Burgnies, Stephane"]
[Result "1/2-1/2"]
[WhiteElo "1852"]
[BlackElo "2170"]
[PlyCount "116"]

1. e4 e6 2. d3 b5 3. g3 c5 4. Bg2 Nc6 5. Nd2 Bb7 6. Ngf3 g6 7. c3 Bg7 8. O-O
Nge7 9. Re1 O-O 10. Nf1 d5 11. e5 d4 12. cxd4 cxd4 13. h4 Rc8 14. Bf4 Nb4 15.
Re2 Bd5 16. Ne1 Qb6 17. a3 Nbc6 18. Qd2 Na5 19. Bxd5 Nxd5 20. Qd1 Nxf4 21. gxf4
Qd8 22. Ng2 Qd5 23. Nd2 f6 24. b4 Nb7 25. exf6 Rxf6 26. Ne4 Rff8 27. Rc1 Nd6
28. Rc5 Rxc5 29. Nxc5 Re8 30. Qe1 e5 31. fxe5 Rxe5 32. Rxe5 Bxe5 33. Qe2 a5 34.
f4 Bf6 35. Kf2 axb4 36. axb4 Kf7 37. Nd7 Bg7 38. Nc5 Bf8 39. Qg4 Nf5 40. Ne4
Qa2+ 41. Kg1 Qb1+ 42. Kh2 Qxd3 43. Ng5+ Kg8 44. h5 Ng7 45. hxg6 Qxg6 46. Qd7 h6
47. Qd5+ Kh8 48. Nf7+ Kh7 49. Ne5 Qh5+ 50. Kg1 Nf5 51. Qxb5 Qd1+ 52. Kh2 Qh5+
53. Kg1 Be7 54. Qd7 Qd1+ 55. Kh2 Qh5+ 56. Kg1 Qd1+ 57. Kh2 Qh5+ 58. Kg1 Qd1+
1/2-1/2

[Event "5eme LUCOPEN"]
[Site "Lille"]
[Date "2014.04.28"]
[Round "1"]
[White "Johnsen, Gunnar"]
[Black "Pourrahnama, Amir"]
[Result "1-0"]
[WhiteElo "2130"]
[BlackElo "1848"]
[PlyCount "69"]
[EventDate "2014.??.??"]

1. d4 Nf6 2. c4 e6 3. Nc3 d5 4. Bg5 Be7 5. Nf3 c6 6. e3 Qb6 7. Qc2 h6 8. Bh4
Nbd7 9. Bd3 Qa5 10. O-O Qd8 11. Rad1 Nb6 12. b3 O-O 13. e4 dxe4 14. Nxe4 Nxe4
15. Bxe7 Qxe7 16. Bxe4 Bd7 17. Rfe1 Rac8 18. Qc3 Qd8 19. Bb1 Qf6 20. Qd3 g6 21.
h4 Qg7 22. Ne5 h5 23. c5 f6 24. Nxd7 Nxd7 25. Rxe6 f5 26. Rde1 Nf6 27. Qg3 Ng4
28. Qf4 Rcd8 29. Qg5 Nf6 30. Re7 Rf7 31. Rxf7 Qxf7 32. Bd3 Kg7 33. Bxf5 Rxd4
34. Bxg6 Rg4 35. Bxf7+ 1-0

[Event "5eme LUCOPEN"]
[Site "Lille"]
[Date "2014.04.29"]
[Round "2"]
[White "Zhigalko, Andrey"]
[Black "Sadikhov, Ulvi"]
[Result "1-0"]
[WhiteElo "2600"]
[BlackElo "2289"]
[PlyCount "111"]
[EventDate "2014.??.??"]

1. d4 d6 2. e4 Nf6 3. Nc3 e5 4. Nf3 Nbd7 5. Bc4 Be7 6. a4 O-O 7. O-O a6 8. a5
h6 9. h3 exd4 10. Qxd4 Ne5 11. Be2 Be6 12. Rd1 Nc6 13. Qa4 Nd7 14. Be3 Bf6 15.
Nd5 Re8 16. c3 Bxd5 17. Rxd5 Qe7 18. Nd2 Nc5 19. Bxc5 dxc5 20. Rd1 Red8 21. Nb3
Rxd5 22. Rxd5 Rd8 23. Rxc5 Be5 24. Rd5 Rxd5 25. exd5 Bd6 26. Kf1 Ne5 27. Qe4
Qf6 28. g3 Ng6 29. Ke1 Ne7 30. h4 g6 31. h5 Kg7 32. hxg6 Qxg6 33. Nd2 Qg5 34.
Bf3 Bc5 35. Nb3 Bd6 36. Ke2 Nf5 37. Kd3 Ne7 38. Kc2 Qg6 39. Nd2 Nf5 40. b4 Be7
41. Kb3 Bf6 42. Bg4 Qg5 43. Nf3 Qc1 44. Qc2 Qxc2+ 45. Kxc2 Nd6 46. Kd3 b6 47.
c4 bxa5 48. c5 Nb5 49. bxa5 Be7 50. Kc4 Na3+ 51. Kb4 Nc2+ 52. Kb3 Na1+ 53. Kc4
Nc2 54. Bc8 Na3+ 55. Kb4 Nc2+ 56. Kb3 1-0

[Event "5eme LUCOPEN"]
[Site "Lille"]
[Date "2014.04.29"]
[Round "2"]
[White "Dominguez Pons, Eric"]
[Black "Bachmann, Axel"]
[Result "0-1"]
[WhiteElo "2335"]
[BlackElo "2598"]
[PlyCount "100"]
[EventDate "2014.??.??"]

1. d4 Nf6 2. Bg5 d5 3. Bxf6 gxf6 4. e3 c5 5. c4 dxc4 6. dxc5 Qxd1+ 7. Kxd1 e6
8. Bxc4 Bxc5 9. Nf3 a6 10. Nc3 b5 11. Bd3 Nd7 12. Ke2 b4 13. Be4 Rb8 14. Na4
Be7 15. Rhd1 O-O 16. Bc6 Nb6 17. Rac1 a5 18. Nc5 Bxc5 19. Rxc5 Ba6+ 20. Ke1 Nc4
21. Rd4 Nxb2 22. Rxa5 Rb6 23. Be4 Rc8 24. Rxa6 Rxa6 25. Bb7 Rc1+ 26. Kd2 Rd1+
27. Kc2 Rxd4 28. Bxa6 Rd6 29. Bb5 Rb6 30. Kxb2 Rxb5 31. Nd4 Rd5 32. Kb3 e5 33.
Nc6 Rd2 34. Nxb4 Kf8 35. a4 Ke7 36. a5 Kd6 37. a6 Kc7 38. f4 exf4 39. exf4 Kb6
40. g4 f5 41. g5 Rxh2 42. Kc4 Rd2 43. Nd5+ Kxa6 44. Kc5 Kb7 45. Kd6 Re2 46. Kd7
Re4 47. Nf6 Rxf4 48. Ke7 Rg4 49. Kxf7 Rxg5 50. Nxh7 Rg1 0-1

[Event "5eme LUCOPEN"]
[Site "Lille"]
[Date "2014.04.29"]
[Round "2"]
[White "Castellanos Rodrigue, Renier"]
[Black "Dijkhuis, Tycho"]
[Result "1/2-1/2"]
[WhiteElo "2474"]
[BlackElo "2204"]
[PlyCount "64"]
[EventDate "2014.??.??"]

1. e4 c5 2. Nf3 d6 3. d4 cxd4 4. Nxd4 Nf6 5. Nc3 g6 6. Be3 a6 7. f3 b5 8. Qd2
Bb7 9. O-O-O Nbd7 10. g4 h6 11. Nb3 Rc8 12. h4 Qc7 13. a3 d5 14. Bh3 Ne5 15.
Bf4 Nxf3 16. Bxc7 Nxd2 17. Rxd2 d4 18. Be5 dxc3 19. Rd4 cxb2+ 20. Kxb2 g5 21.
Rhd1 Bg7 22. Nc5 Bc6 23. Nxa6 O-O 24. hxg5 hxg5 25. Nb4 Bxe4 26. Re1 Bg6 27.
Bg2 Rc5 28. c3 Rfc8 29. Bb7 Re8 30. Bc6 Rc8 31. Bb7 Re8 32. Bc6 Rc8 1/2-1/2

[Event "5eme LUCOPEN"]
[Site "Lille"]
[Date "2014.04.29"]
[Round "2.11"]
[White "Riff, Jean-Noel"]
[Black "Laine, Panu"]
[Result "1-0"]
[WhiteElo "2459"]
[BlackElo "2177"]
[PlyCount "73"]
[EventDate "2014.??.??"]

1. e4 e6 2. d4 d5 3. Nc3 Bb4 4. Nge2 Nf6 5. e5 Nfd7 6. a3 Be7 7. f4 c5 8. Be3
Nc6 9. Qd2 O-O 10. g3 a6 11. Bg2 cxd4 12. Nxd4 Nxd4 13. Bxd4 Bc5 14. Bxc5 Nxc5
15. O-O-O Qc7 16. Kb1 Bd7 17. Qd4 Rac8 18. Rd2 b5 19. f5 Na4 20. Nxa4 bxa4 21.
f6 gxf6 22. exf6 Kh8 23. Re1 Rg8 24. Re3 Qc5 25. Qe5 Qc7 26. Qd4 Rg6 27. Rc3
Qd8 28. Rxc8 Bxc8 29. Rf2 Bd7 30. Bf1 Bb5 31. c4 Bc6 32. Bd3 e5 33. Qxe5 dxc4
34. Bxc4 Qd1+ 35. Ka2 Rg8 36. Bxf7 Re8 37. Qg5 1-0

[Event "5eme LUCOPEN"]
[Site "Lille"]
[Date "2014.04.29"]
[Round "2"]
[White "Navrotescu, Andreea-Cristiana"]
[Black "Camacho Collados, Jose"]
[Result "0-1"]
[WhiteElo "2190"]
[BlackElo "2388"]
[PlyCount "98"]
[EventDate "2014.??.??"]

1. c4 b6 2. Nc3 Bb7 3. e4 e5 4. g3 f5 5. Bg2 Nf6 6. d3 Bc5 7. Nge2 O-O 8. O-O
fxe4 9. Nxe4 Nxe4 10. dxe4 Nc6 11. Be3 Bxe3 12. fxe3 Rxf1+ 13. Bxf1 Qg5 14. Qd2
Rf8 15. Bg2 h5 16. Rf1 Rxf1+ 17. Kxf1 d6 18. Nc3 Nd4 19. Qf2 Ne6 20. Qf5 Qf6
21. Bh3 Nc5 22. Ke2 Qxf5 23. Bxf5 a5 24. Nb5 Kf7 25. Nxc7 g6 26. Bh3 Bxe4 27.
Kd2 g5 28. Bf1 Bc6 29. Bd3 Kf6 30. Nd5+ Bxd5 31. cxd5 e4 32. Be2 h4 33. gxh4
gxh4 34. Kc3 Ke5 35. Kc4 Nd3 36. Bxd3 exd3 37. Kxd3 Kxd5 38. e4+ Ke5 39. Ke3 b5
40. b3 h3 41. a3 d5 42. exd5 Kxd5 43. Kd3 Ke5 44. Ke3 Kd5 45. Kd3 Kc5 46. Ke4
a4 47. bxa4 bxa4 48. Kd3 Kd5 49. Kc3 Ke4 0-1

[Event "5eme LUCOPEN"]
[Site "Lille"]
[Date "2014.04.29"]
[Round "2"]
[White "Friess, Nicolas"]
[Black "Vandecasteele, Louis"]
[Result "1-0"]
[WhiteElo "2350"]
[BlackElo "1852"]
[PlyCount "75"]
[EventDate "2014.??.??"]

1. d4 Nf6 2. c4 e6 3. Nc3 d5 4. cxd5 exd5 5. Bg5 Nbd7 6. e3 c6 7. Bd3 Qa5 8.
Qc2 Bb4 9. Nf3 O-O 10. O-O Re8 11. a3 Bxc3 12. bxc3 Ne4 13. Bf4 Nf8 14. h3 Ng6
15. Bh2 Nf6 16. Nd2 Qd8 17. c4 Be6 18. Rab1 Qd7 19. Rfe1 b6 20. a4 Rac8 21. c5
bxc5 22. Qxc5 Nh4 23. Ba6 Bxh3 24. gxh3 Qxh3 25. Bf1 Qg4+ 26. Bg3 Ne4 27. Nxe4
Rxe4 28. Be2 Nf3+ 29. Bxf3 Qxf3 30. Qxc6 Qf5 31. Rec1 Ree8 32. Qd6 h5 33. Qf4
Qd7 34. Qg5 Qxa4 35. Qxd5 Rxc1+ 36. Rxc1 Qa3 37. Rc7 Re6 38. Qxh5 1-0

[Event "5eme LUCOPEN"]
[Site "Lille"]
[Date "2014.04.29"]
[Round "2"]
[White "Burgnies, Stephane"]
[Black "Manet, Eric"]
[Result "1/2-1/2"]
[WhiteElo "2170"]
[BlackElo "1915"]
[PlyCount "87"]
[EventDate "2014.??.??"]

1. d3 g6 2. g3 Bg7 3. Bg2 Nf6 4. f4 d6 5. Nf3 O-O 6. O-O c5 7. c3 Nc6 8. Na3
Qc7 9. e4 a6 10. Qe1 Nd7 11. g4 Re8 12. Nc2 Nf8 13. Qg3 Bd7 14. Kh1 Rab8 15.
Bd2 b5 16. Ne3 Qc8 17. g5 b4 18. f5 bxc3 19. bxc3 Rb2 20. Nc4 Rxd2 21. Ncxd2
Bxc3 22. Rab1 Bxd2 23. Nxd2 Ne5 24. f6 exf6 25. gxf6 Bb5 26. Qh4 Ne6 27. Bh3
Kh8 28. Qh6 Rg8 29. Bxe6 Qxe6 30. Nf3 Ng4 31. Qh4 h5 32. Ng5 Qxa2 33. Ra1 Qb3
34. Rfb1 Qxd3 35. Nxf7+ Kh7 36. Ng5+ Kh8 37. Nf7+ Kh7 38. Ng5+ Kh8 39. Rd1 Qc3
40. Nf7+ Kh7 41. Ng5+ Kh8 42. Nf7+ Kh7 43. Ng5+ Kh8 44. Nf7+ 1/2-1/2

[Event "5eme LUCOPEN"]
[Site "Lille"]
[Date "2014.04.29"]
[Round "2"]
[White "Valo, Veikko"]
[Black "Noordhoek, Henk"]
[Result "0-1"]
[WhiteElo "1765"]
[BlackElo "2048"]
[PlyCount "90"]
[EventDate "2014.??.??"]

1. e4 Nf6 2. e5 Nd5 3. d4 d6 4. Nf3 g6 5. Be2 Bg7 6. O-O O-O 7. c4 Nb6 8. exd6
cxd6 9. Be3 Nc6 10. Qd2 Bg4 11. b3 d5 12. c5 Nc8 13. Na3 e6 14. b4 N8e7 15. b5
Na5 16. Nc2 Bxf3 17. Bxf3 Nc4 18. Qb4 Nf5 19. Rad1 Ncxe3 20. fxe3 Qg5 21. Qd2
Nh4 22. Kh1 Nxf3 23. Rxf3 f5 24. Rdf1 Qe7 25. Nb4 g5 26. Rh3 g4 27. Rg3 h5 28.
e4 fxe4 29. Rd1 Qf6 30. Qe2 Rf7 31. c6 Raf8 32. h3 Qf4 33. Qe3 Qxe3 34. Rxe3
Rf1+ 35. Rxf1 Rxf1+ 36. Kh2 Bxd4 37. Re2 bxc6 38. Nxc6 Bb6 39. hxg4 Bc7+ 40. g3
hxg4 41. Rc2 Bb6 42. Ne5 d4 43. Kg2 Rg1+ 44. Kh2 d3 45. Rb2 Rc1 0-1

[Event "5eme LUCOPEN"]
[Site "Lille"]
[Date "2014.04.29"]
[Round "2"]
[White "Bauche, Timothe"]
[Black "Allemand, Christian"]
[Result "1-0"]
[WhiteElo "2045"]
[BlackElo "1775"]
[PlyCount "92"]
[EventDate "2014.??.??"]

1. d4 Nf6 2. c4 c5 3. d5 b5 4. cxb5 a6 5. bxa6 g6 6. Nc3 Bxa6 7. Nf3 d6 8. g3
Bg7 9. Bg2 O-O 10. O-O Nbd7 11. Rb1 Ng4 12. Qc2 Qb6 13. b3 Rfb8 14. Bb2 Qa5 15.
Rfc1 Nge5 16. Nxe5 Nxe5 17. h3 Bc8 18. Kh2 Bh6 19. f4 Nd7 20. e4 Ra7 21. a4 Ba6
22. Bf1 g5 23. Bxa6 Rxa6 24. Rg1 Nb6 25. Nb5 c4 26. Bc3 cxb3 27. Qd3 Qxa4 28.
Ra1 Qc4 29. Qxc4 Nxc4 30. Rxa6 Rxb5 31. Ra8+ Bf8 32. fxg5 b2 33. Rb1 Rb3 34.
Bd4 Rd3 35. Bf2 Rd2 36. Kg2 Rc2 37. Rb8 Kg7 38. g4 e6 39. Kg3 e5 40. h4 Be7 41.
Be1 h6 42. gxh6+ Kxh6 43. Rb4 Bd8 44. Kf3 Bxh4 45. Rxc4 Rxc4 46. Bxh4 Rc2 1-0

[Event "5eme LUCOPEN"]
[Site "Lille"]
[Date "2014.04.29"]
[Round "2"]
[White "Adrien, Vincent"]
[Black "Marechal, Georges"]
[Result "1/2-1/2"]
[WhiteElo "2021"]
[BlackElo "1759"]
[PlyCount "116"]
[EventDate "2014.??.??"]

1. d4 Nf6 2. Nf3 c6 3. e3 d5 4. Bd3 Bg4 5. Nbd2 e6 6. h3 Bh5 7. c3 Nbd7 8. Qc2
Bd6 9. g4 Bg6 10. e4 dxe4 11. Nxe4 Nxe4 12. Bxe4 Bxe4 13. Qxe4 Nf6 14. Qe2 Qb6
15. O-O O-O 16. Bg5 Be7 17. Bxf6 Bxf6 18. g5 Be7 19. h4 Rad8 20. b4 Bd6 21. h5
Rfe8 22. Kh1 Qc7 23. Rae1 Bf4 24. Rg1 Qd6 25. Rg4 h6 26. Reg1 hxg5 27. Nxg5
Qd5+ 28. f3 Qf5 29. Qe4 Bd2 30. R1g3 Bxc3 31. Nxf7 Qxh5+ 32. Rh4 Qxf7 33. Qh7+
Kf8 34. Rf4 Bxd4 35. Rxf7+ Kxf7 36. Qh5+ Ke7 37. Qh4+ Kf7 38. Qh5+ Ke7 39. Kg2
Bf6 40. Qc5+ Kf7 41. Qxa7 Rd2+ 42. Kf1 Re7 43. Rg2 Rd1+ 44. Ke2 Red7 45. Qe3
Ra1 46. Qb3 Bh4 47. f4 Re1+ 48. Kf3 Red1 49. Kg4 R1d3 50. Qc2 Bf6 51. Rg3 R3d4
52. a3 e5 53. Rf3 g5 54. Qh7+ Ke6 55. Qf5+ Kf7 56. Qh7+ Ke6 57. Qf5+ Kf7 58.
Qh7+ Ke6 1/2-1/2

[Event "5eme LUCOPEN"]
[Site "Lille"]
[Date "2014.04.29"]
[Round "2"]
[White "Frederic, Clement"]
[Black "Bailet, Pierre"]
[Result "0-1"]
[WhiteElo "2237"]
[BlackElo "2469"]
[PlyCount "102"]

1. e4 c5 2. Nf3 d6 3. c3 Nf6 4. h3 Nc6 5. Bd3 g6 6. O-O Bg7 7. Bc2 O-O 8. d4
Nd7 9. Be3 Qb6 10. b3 cxd4 11. cxd4 Nb4 12. Nc3 Qc6 13. Qd2 Nxc2 14. Qxc2 Nf6
15. Rac1 b5 16. Qd3 Qb7 17. e5 Nd5 18. exd6 exd6 19. Nxb5 Qb6 20. Na3 Bb7 21.
Nc4 Qa6 22. a3 Nf6 23. Nfd2 d5 24. Nb2 Qxd3 25. Nxd3 Ba6 26. Rc3 Ne4 27. Nxe4
dxe4 28. Nc5 Bxf1 29. Kxf1 f5 30. g3 Rfd8 31. Rc4 a5 32. Ra4 Rd5 33. Ke2 Kf7
34. h4 Bf6 35. Rc4 Rc8 36. Kd2 h6 37. Nxe4 Rxc4 38. bxc4 Rxd4+ 39. Bxd4 Bxd4
40. Kd3 Ba7 41. Nd6+ Ke6 42. Nb7 Bxf2 43. Nxa5 Bxg3 44. h5 g5 45. Nc6 Bf2 46.
a4 g4 47. a5 Bc5 48. a6 g3 49. Nd8+ Kf6 50. Nb7 Ba7 51. c5 g2 0-1

[Event "5eme LUCOPEN"]
[Site "Lille"]
[Date "2014.04.29"]
[Round "2"]
[White "Daurelle, Herve"]
[Black "Lie, Espen"]
[Result "0-1"]
[WhiteElo "2215"]
[BlackElo "2460"]
[PlyCount "81"]

1. e4 Nf6 2. e5 Nd5 3. d4 d6 4. Nf3 dxe5 5. Nxe5 c6 6. Be2 Nd7 7. Nf3 N7f6 8.
O-O Bg4 9. c4 Nb6 10. b3 e6 11. h3 Bxf3 12. Bxf3 Be7 13. Bf4 O-O 14. Nc3 a5 15.
a4 Bb4 16. Ne2 Nbd7 17. Qc2 Re8 18. Rad1 Qe7 19. Rd3 Nf8 20. Rfd1 Ng6 21. Bg3
Bd6 22. Bxd6 Qxd6 23. g3 h5 24. h4 Qb4 25. Nc3 Qe7 26. Qe2 e5 27. Re3 Rad8 28.
Bxh5 Nxh5 29. Qxh5 Qb4 30. dxe5 Rxd1+ 31. Nxd1 Qc5 32. f4 Rd8 33. Qe2 Rxd1+ 34.
Qxd1 Qxe3+ 35. Kg2 Qe4+ 36. Kg1 Nf8 37. h5 Ne6 38. Qg4 Nd4 39. Kh2 Kh7 40. Qd1
Qe2+ 41. Qxe2 0-1

[Event "5eme LUCOPEN"]
[Site "Lille"]
[Date "2014.04.29"]
[Round "2"]
[White "Miedema, David"]
[Black "Rouze, Xavier"]
[Result "0-1"]
[WhiteElo "2390"]
[BlackElo "2084"]
[PlyCount "142"]

1. Nf3 d5 2. c4 c6 3. d4 Nf6 4. Nc3 dxc4 5. a4 Bf5 6. g3 e6 7. Bg2 Na6 8. O-O
Nb4 9. a5 Bc2 10. Qd2 Bb3 11. Ne5 Rc8 12. Ne4 Nxe4 13. Bxe4 f6 14. Nf3 f5 15.
Bb1 Nd5 16. Qe1 Bb4 17. Bd2 Bxd2 18. Nxd2 Nf6 19. Nxb3 cxb3 20. Qb4 Rc7 21.
Qxb3 Qd5 22. Qe3 Kf7 23. Ba2 Qe4 24. Qxe4 Nxe4 25. f3 Nd6 26. e4 Rd8 27. Rad1
Re7 28. d5 cxd5 29. exd5 e5 30. Rc1 Kf6 31. Kf2 a6 32. g4 f4 33. h4 h6 34. Bb1
e4 35. Rg1 g5 36. Rh1 e3+ 37. Ke2 Nf7 38. Be4 Rd6 39. hxg5+ hxg5 40. Rc8 Ke5
41. Kd3 Red7 42. Re8+ Kf6 43. Kd4 b6 44. b4 bxa5 45. bxa5 Rb7 46. Rf8 Rdd7 47.
Rg8 Ke7 48. Rg6 Rd6 49. Rxd6 Kxd6 50. Bd3 Rb4+ 51. Kc3 Ra4 52. Bxa6 Rxa5 53.
Bd3 Ra3+ 54. Kd4 Ra4+ 55. Bc4 Rxc4+ 56. Kxc4 Ne5+ 57. Kd4 Nxf3+ 58. Ke4 Nd2+
59. Kd3 Kxd5 60. Ra1 Nc4 61. Rb1 Ne5+ 62. Ke2 Nxg4 63. Rg1 Nf2 64. Rxg5+ Ke4
65. Ra5 f3+ 66. Kf1 Nd3 67. Ra4+ Kf5 68. Ra2 Kf4 69. Rc2 Kg3 70. Ra2 Nc1 71.
Rc2 e2+ 0-1

[Event "5eme LUCOPEN"]
[Site "Lille"]
[Date "2014.04.29"]
[Round "2"]
[White "Dumas, Victor"]
[Black "Skomorokhin, Roman"]
[Result "1/2-1/2"]
[WhiteElo "2082"]
[BlackElo "2384"]
[PlyCount "49"]

1. e4 e6 2. d4 d5 3. exd5 exd5 4. Bd3 Nc6 5. c3 h6 6. Ne2 Bd6 7. Bf4 Nge7 8.
Nd2 Bg4 9. Bxd6 Qxd6 10. h3 Bh5 11. Qc2 O-O-O 12. O-O-O Kb8 13. Rde1 Bg6 14.
Nf3 Bxd3 15. Qxd3 Ng6 16. Nd2 Rhe8 17. Qg3 Qf6 18. Qf3 Qxf3 19. Nxf3 Re7 20.
Kd2 Rde8 21. g3 b6 22. Nc1 Nd8 23. Rxe7 Rxe7 24. Re1 Rxe1 25. Nxe1 1/2-1/2